000 00717nam a2200241Ia 4500
003 OSt
005 20220923220821.0
006 a|||||r|||| 00| 0
007 ta
008 220922b |||||||| |||| 00| 0 hin d
024 _a190,827
037 _cTextual
040 _aARTS
_cARTS
_bhin
041 _2hin
_ahin
082 _aR635, 152N1
100 _aउनियाल, बी0 डी0
_9156847
245 0 _aसर्ववाद क्या है
246 _aSarvavād kyā hai
260 _aदिल्ली
_b मगध प्रकाशन
_c1991
300 _a128पृ.
_ccm.
942 _hR635, 152N1
_cTEXL
_2CC
999 _c343574
_d343574